| 000 | 00821cam a2200301 i 4500 | ||
|---|---|---|---|
| 003 | DO-SdBNP | ||
| 005 | 20180212111442.0 | ||
| 008 | 100514s 1990 sp a | |||| 000 f spa | ||
| 015 | _a | ||
| 017 |
_a _b |
||
| 020 | _a843483280 | ||
| 035 | _a | ||
| 040 |
_aBPMSU _bspa _cBPMSU _e |
||
| 080 | _a | ||
| 100 | 1 | _aNúñez, Pablo | |
| 245 | 1 | 0 |
_aNo llores, Miguel / _h _cPablo Núñez, Ricardo Alcántara |
| 250 | _a4a. ed. | ||
| 260 |
_aMadrid : _bSM, _c1990. |
||
| 300 |
_a[7] p.: _bil. _c19 cm. |
||
| 490 | 0 |
_aLos duros del barco de vapor _v10 |
|
| 500 | _aLibro de paginas de cartón. | ||
| 700 | 1 | 2 | _aAlcántara, Ricardo |
| 700 | 1 | 2 |
_aJaramillo, Gloria _etrad. |
| 830 | 0 |
_aLos duros del barco de vapor _n10 |
|
| 942 |
_2ddc _cBK |
||
| 945 | _aInventariado, 2018/ YL | ||
| 956 |
_aYLOCKWARD _b10 _cBPMSU |
||
| 999 |
_c12391 _d12391 |
||